The sky and its mysteries.

Bibliographic Details
Main Author: Beet, E. A. (Ernest Agar)
Format: Book
Language:English
Published: London : Bell, 1952.
Subjects:

MARC

Tag First Indicator Second Indicator Subfields
LEADER 00000cam a2200000 4500
001 in00000051401
005 20151007070018.0
008 730926s1952 enka 00000 eng
010 |a  53001086  
035 |a (OCoLC)00700126 
035 |9 AAE3152AM 
040 |a DLC  |c DAY  |d OCL  |d TXA  |d UtOrBLW 
049 |a TXAM  |c 2 [400313] 
050 0 0 |a QB44  |b .B387 
082 0 |a 523 
092 |a 523  |b B415s 
100 1 |a Beet, E. A.  |q (Ernest Agar) 
245 1 4 |a The sky and its mysteries. 
264 1 |a London :  |b Bell,  |c 1952. 
300 |a 238 pages :  |b illustrations ;  |c 19 cm. 
336 |a text  |b txt  |2 rdacontent 
337 |a unmediated  |b n  |2 rdamedia 
338 |a volume  |b nc  |2 rdacarrier 
650 0 |a Astronomy. 
999 |a MARS 
999 f f |s 8a82146a-3458-3b3f-b5e8-78ce79df7a89  |i ae93f217-30be-3acf-bc3a-e825e9c9d440  |t 0 
952 f f |p ric  |a Texas A&M University  |b Rellis Campus  |c Joint Library Facility  |d Remote Storage  |t 0  |e QB44 .B387  |h Library of Congress classification  |i unmediated -- volume  |m A14800899707 
998 f f |a QB44 .B387  |t 0  |l Remote Storage